|
|
|
|
| LEADER |
01056nam a2200325 4500 |
| 001 |
DLU090098507 |
| 005 |
##20091201 |
| 040 |
# |
# |
|a DLU
|b eng
|
| 041 |
# |
# |
|a eng
|
| 044 |
# |
# |
|a us
|
| 245 |
# |
# |
|a Spectroscopic investigation of lipase from Pseudomonas cepacia solubilized in 1,4-dioxane by non-covalent complexation with methoxypoly(ethylene glycol) /
|c Francesco Secundo ... [et al.].
|
| 653 |
# |
# |
|a Circular dichroism
|
| 653 |
# |
# |
|a Fluorescence
|
| 653 |
# |
# |
|a Lipase
|
| 653 |
# |
# |
|a Methoxypoly
|
| 653 |
# |
# |
|a Pseudomonas cepacia
|
| 700 |
# |
# |
|a Carrea, Giacomo.
|
| 700 |
# |
# |
|a Secundo, Francesco.
|
| 700 |
# |
# |
|a Vecchio, Giuseppe.
|
| 700 |
# |
# |
|a Zambianchi, Francesca.
|
| 773 |
# |
# |
|t Biotechnology and Bioengineering
|g Vol. 64, no. 5 (September 1999), p. 624-629
|
| 920 |
# |
# |
|a Phòng Tạp chí -- Trung tâm Thông tin - Thư viện Trường Đại học Đà Lạt
|
| 994 |
# |
# |
|a DLU
|
| 900 |
# |
# |
|a True
|
| 911 |
# |
# |
|a Trương Bảo Trâm Anh
|
| 925 |
# |
# |
|a G
|
| 926 |
# |
# |
|a A
|
| 927 |
# |
# |
|a BB
|
| 980 |
# |
# |
|a Thư viện Trường Đại học Đà Lạt
|